| 000 | 01378pam a2200337 a 4500 | ||
|---|---|---|---|
| 999 |
_c7351 _d7351 |
||
| 001 | 1182642 | ||
| 003 | GZU | ||
| 005 | 20210510093647.0 | ||
| 008 | 970925s1998 njua b 001 0 eng | ||
| 010 | _a 97040925 | ||
| 020 | _a0130950718 | ||
| 040 |
_aDLC _cDLC _dDLC |
||
| 050 | 0 | 0 |
_aHD30.215 _b.LEV 1998 |
| 100 | 1 |
_aLevine, David M., _d1946- _eauthor |
|
| 245 | 1 | 0 |
_aStatistics for managers using Microsoft Excel / _cDavid M. Levine, Mark L. Berenson, David Stephan. |
| 260 |
_aUpper Saddle River, N.J. : _bPrentice Hall, _cc1998. |
||
| 300 |
_a1 v. (various pagings) : _bill. ; _c26 cm. ₊ _e1 computer disk (3 1/2 in.) |
||
| 504 | _aIncludes bibliographical references and index. | ||
| 538 | _aSystem requirements for accompanying computer disk: Windows 95, Windows 3.1; Macintosh. | ||
| 630 | 0 | 0 | _aMicrosoft Excel (Computer file) |
| 650 | 0 |
_aManagement _xStatistical methods. |
|
| 650 | 0 | _aCommercial statistics. | |
| 650 | 0 | _aElectronic spreadsheets. | |
| 650 | 0 |
_aManagement _xStatistical methods _xComputer programs. |
|
| 650 | 0 |
_aCommercial statistics _xComputer programs. |
|
| 700 | 1 |
_aBerenson, Mark L. _eauthor |
|
| 700 | 1 |
_aStephan, David. _eauthor |
|
| 906 |
_a7 _bcbc _corignew _d1 _eocip _f19 _gy-gencatlg |
||
| 942 |
_2lcc _cBK _h30.215 _iLEV _kHD |
||